LEADER 00965cam0-22003491i-450- 001 990004133110403321 005 20100622132934.0 035 $a000413311 035 $aFED01000413311 035 $a(Aleph)000413311FED01 035 $a000413311 100 $a19990604d1960----km-y0itay50------ba 101 0 $aita 102 $aIT 105 $ay-------001yy 200 1 $a<>operaio" nel pensiero di Ernst Jünger$fJ. Evola 210 $aRoma$cA. Armando$d1960 215 $a117 p.$d20 cm 225 1 $a<>problemi della pedagogia$v52 610 0 $aOperai 676 $a305.5 676 $a320.01 700 1$aEvola,$bJulius$f<1898-1974>$0160627 801 0$aIT$bUNINA$gRICA$2UNIMARC 901 $aBK 912 $a990004133110403321 952 $a320.01 EVO 1$bIST.PED.504$fFLFBC 952 $a320.01 EVO 1 BIS$bBIBL.36015$fNAP03 959 $aFLFBC 959 $aNAP03 996 $a"operaio" nel pensiero di Ernst Junger$989599 997 $aUNINA LEADER 03126nam 2200661Ia 450 001 9910789109303321 005 20140303111820.0 010 $a1-78190-745-5 035 $a(CKB)3710000000092633 035 $a(EBL)1649387 035 $a(SSID)ssj0001209612 035 $a(PQKBManifestationID)11818842 035 $a(PQKBTitleCode)TC0001209612 035 $a(PQKBWorkID)11175342 035 $a(PQKB)10890188 035 $a(MiAaPQ)EBC1649387 035 $a(Au-PeEL)EBL1649387 035 $a(CaPaEBR)ebr10845718 035 $a(CaONFJC)MIL580302 035 $a(OCoLC)871257107 035 $a(UtOrBLW)bslw09197871 035 $a(EXLCZ)993710000000092633 100 $a20140303d2014 uy 0 101 0 $aeng 135 $aurun||||||||| 181 $ctxt 182 $cc 183 $acr 200 00$aAdvances in library administration and organization$hVol. 32$b[electronic resource] /$fedited by Delmus E. Williams, Janine Golden 205 $aFirst edition. 210 1$aBingley, England :$cEmerald Group Publishing Limited,$d2014. 210 4$d©2014 215 $a1 online resource (320 p.) 225 0 $aAdvances in library administration and organization,$x0732-0671 300 $aIncludes index. 311 $a1-78190-744-7 320 $aIncludes bibliographical references. 327 $aBricks, mortar, and control : a multicase examination of the public library as organization space / Matthew R. Griffis -- Framing of academic libraries' roles in the strategic documents of universities : a map of factors and agents / Simona Petraityte -- Academic libraries and open access strategies / C. Sean Burns -- The language of academic librarianship : the discourse of promotion and tenure / Mary K. Bolin -- Merging large and complex library organizations / Anthony Molaro. 330 $aVolume 32 of Advances in library administration and organization bring together a collection of studies which highlight up and coming research that today's library managers and researchers face. The book will examine the challenges that library administrators encounter on a daily basis, review emerging trends and bring critical analysis to this area. 410 0$aAdvances in Library Administration and Organization 606 $aLanguage Arts & Disciplines$xLibrary & Information Science$xGeneral$2bisacsh 606 $aLibrary & information sciences$2bicssc 606 $a"Library, archive & information management"$2bicssc 606 $aLibrary & information services$2bicssc 606 $aLibrary administration 615 7$aLanguage Arts & Disciplines$xLibrary & Information Science$xGeneral. 615 7$aLibrary & information sciences. 615 7$a"Library, archive & information management". 615 7$aLibrary & information services. 615 0$aLibrary administration. 676 $a025.1 701 $aWilliams$b Delmus Eugene$01507125 701 $aGolden$b Janine$01507126 801 0$bUtOrBLW 906 $aBOOK 912 $a9910789109303321 996 $aAdvances in library administration and organization$93737608 997 $aUNINA